000 00766nam a2200241 a 4500
001 BRL_396
005 20190320210724.0
008 060813s1964----mx-a######---#000-0#spa-#
041 _aspa
044 _amx
050 4 _aF1232
_b.E4 1964
245 1 0 _aEl despertador Americano
_bprimer periodo insurgente facsimile y proceso
_cintrod. por Antonio Pompa y Pomps
260 _aMéxico
_bInstituto Nacional de Antropología e Historia
_c1964
300 _a89 p.
_bil.
_c22 cm.
440 0 _aHistoria
_n12
_923776
500 _aAu406
500 _aLibro intonso.
504 _aBibliografía: p. 87-89
_zMéxico
651 4 _aMéxico
_xHistoria
_yGuerra de Independencia, 1810-1821
_923777
700 1 _aPompa y Pompa, Antonio
_923778
902 _aGRL
942 _2lcc
_cB
999 _c9209
_d9209